[Event "Canada Int. op"]
[Site "Contrecoeur CAN"]
[Date "2022.10.09"]
[Round "5.4"]
[White "Kot, Emanuel"]
[Black "Chiku-Ratte, Olivier-Kenta"]
[Result "0-1"]
[WhiteElo "1911"]
[BlackElo "2355"]
[PlyCount "106"]
[EventDate "2022.10.07"]
[EventType "swiss"]
[EventRounds "5"]
[EventCountry "CAN"]

1. e4 c6 2. d4 d5 3. Nc3 dxe4 4. Nxe4 Nf6 5. Nxf6+ exf6 6. c3 Bf5 7. Bd3 Bxd3
8. Qxd3 Bd6 9. Qe2+ Qe7 10. Qxe7+ Bxe7 11. Bf4 Nd7 12. O-O-O O-O 13. Nf3 Nb6
14. Rhe1 Rfe8 15. Re2 Nd5 16. Bd2 Bf8 17. Rde1 Red8 18. Kc2 b5 19. Ra1 Nb6 20.
Bf4 Rac8 21. b3 Nd5 22. Bd2 c5 23. dxc5 Rxc5 24. Kb2 Rdc8 25. Rc1 g6 26. Ne1 f5
27. Nd3 R5c6 28. Nf4 Nf6 29. f3 Bg7 30. a3 g5 31. Nd3 Rd6 32. Nb4 h6 33. Nc2
Nd7 34. Nd4 Rd5 35. Be1 a5 36. Rd2 b4 37. axb4 axb4 38. Ne2 bxc3+ 39. Nxc3 Nb6
40. Rxd5 Nxd5 41. b4 Nf4 42. Rd1 Nxg2 43. Bd2 Nh4 44. Rf1 g4 45. fxg4 fxg4 46.
Kb3 Nf3 47. Nb1 Nxh2 48. Rh1 Nf3 49. Bxh6 Bxh6 50. Rxh6 Kg7 51. Rh1 g3 52. Rh3
Nd4+ 53. Ka3 Ne2 0-1

[Event "Canada Int. op"]
[Site "Contrecoeur CAN"]
[Date "2022.10.09"]
[Round "5.5"]
[White "Zhong, Kevin"]
[Black "Rodrigue-Lemieux, Shawn"]
[Result "1/2-1/2"]
[WhiteElo "2088"]
[BlackElo "2482"]
[PlyCount "86"]
[EventDate "2022.10.07"]
[EventType "swiss"]
[EventRounds "5"]
[EventCountry "CAN"]

1. e4 c6 2. d4 d5 3. Nd2 dxe4 4. Nxe4 Nf6 5. Nxf6+ exf6 6. Bc4 Na6 7. Nf3 Nc7
8. O-O b5 9. Re1+ Be7 10. Bd3 O-O 11. c3 Be6 12. Nh4 Qd7 13. Qc2 g6 14. Bh6
Rfe8 15. f4 f5 16. Nf3 f6 17. a4 Bd6 18. Nh4 Nd5 19. Qf2 a6 20. Re2 Bf7 21.
Bxf5 Qc7 22. Be4 Bxf4 23. Bxf4 Nxf4 24. Ree1 Bd5 25. Bxd5+ Nxd5 26. Nf3 Kg7 27.
Nd2 Qf4 28. g3 Qg4 29. Nb3 h5 30. Kg2 h4 31. Qf3 Qg5 32. Nc5 Ne3+ 33. Kg1 Nc2
34. Rxe8 Rxe8 35. Rf1 hxg3 36. Qxg3 Kh6 37. Qxg5+ Kxg5 38. Nxa6 bxa4 39. Nc5 a3
40. bxa3 Nxa3 41. h4+ Kxh4 42. Rxf6 g5 43. Rxc6 Nb5 1/2-1/2

[Event "Canada Int. op"]
[Site "Contrecoeur CAN"]
[Date "2022.10.09"]
[Round "5.6"]
[White "Lawson, Eric"]
[Black "Zheng, Richard"]
[Result "1/2-1/2"]
[WhiteElo "2371"]
[BlackElo "2147"]
[PlyCount "57"]
[EventDate "2022.10.07"]
[EventType "swiss"]
[EventRounds "5"]
[EventCountry "CAN"]

1. e4 c6 2. d3 d5 3. Nd2 e5 4. Ngf3 Bd6 5. g3 Nf6 6. Bg2 O-O 7. O-O Nbd7 8. Re1
Qc7 9. Nh4 Bc5 10. Qe2 Re8 11. h3 Nf8 12. Nf1 dxe4 13. dxe4 Ne6 14. c3 a5 15.
a4 b6 16. Nf5 Bf8 17. Qf3 Kh8 18. Nh2 g6 19. Nh6 Bg7 20. N2g4 Nxg4 21. Nxg4 Qe7
22. h4 h5 23. Nh2 Nc5 24. Bg5 Qe6 25. Red1 Nb3 26. Rab1 Nc5 27. Ra1 Nb3 28.
Rab1 Nc5 29. Ra1 1/2-1/2

[Event "Canada Int. op"]
[Site "Contrecoeur CAN"]
[Date "2022.10.09"]
[Round "5.7"]
[White "Han, Johnathan"]
[Black "Guipi Bopala, Prince Eric jr"]
[Result "1-0"]
[WhiteElo "2141"]
[BlackElo "1790"]
[PlyCount "95"]
[EventDate "2022.10.07"]
[EventType "swiss"]
[EventRounds "5"]
[EventCountry "CAN"]

1. e4 c6 2. d4 d5 3. Nd2 dxe4 4. Nxe4 Bf5 5. Ng3 Bg6 6. h4 h6 7. Nf3 Nd7 8. Bd3
Bxd3 9. Qxd3 e6 10. Bd2 Ngf6 11. O-O-O Be7 12. Kb1 O-O 13. Ne4 Nxe4 14. Qxe4
Nf6 15. Qe2 Qd5 16. Ne5 Qe4 17. Be3 Nd5 18. Qd3 Qxd3 19. Rxd3 Nxe3 20. fxe3
Rac8 21. h5 Rfd8 22. Rhd1 c5 23. c3 cxd4 24. exd4 Bf6 25. Nf3 Kf8 26. g4 Rc7
27. b3 b5 28. Kb2 a5 29. Kc2 Rdc8 30. Nd2 Rd8 31. Ne4 Be7 32. Ra1 Ba3 33. Nd2
Be7 34. a4 bxa4 35. Rxa4 Rd5 36. Nc4 Ra7 37. b4 Rg5 38. Rxa5 Rgxa5 39. Nxa5 Rc7
40. Kb3 Bd8 41. b5 Rc8 42. Nc6 Bf6 43. c4 Ke8 44. c5 Kd7 45. Nb4 Kc7 46. b6+
Kb7 47. Kc4 Bd8 48. Kb5 1-0

[Event "Canada Int. op"]
[Site "Contrecoeur CAN"]
[Date "2022.10.09"]
[Round "5.8"]
[White "Adam, Rafael"]
[Black "Courtemanche, Marc"]
[Result "1-0"]
[WhiteElo "1971"]
[BlackElo "1745"]
[PlyCount "75"]
[EventDate "2022.10.07"]
[EventType "swiss"]
[EventRounds "5"]
[EventCountry "CAN"]

1. d4 Nf6 2. c4 g6 3. g3 Bg7 4. Bg2 d6 5. Nf3 O-O 6. O-O Nbd7 7. Nc3 c5 8. d5
a6 9. a4 Nh5 10. Qc2 h6 11. g4 Nhf6 12. h3 Nh7 13. Kh1 Re8 14. Bf4 Ndf8 15.
Rad1 f5 16. gxf5 Bxf5 17. e4 Bd7 18. e5 Bf5 19. Qc1 g5 20. Bg3 Ng6 21. Rfe1 Rf8
22. exd6 exd6 23. Ne4 Bxe4 24. Rxe4 Rf6 25. Rde1 Qf8 26. Qe3 Kf7 27. h4 gxh4
28. Nxh4 Ng5 29. Nxg6 Rxg6 30. Re7+ Kg8 31. f4 Nf7 32. Qd3 Nh8 33. Bh3 Qf6 34.
Bf5 Rf8 35. Bxg6 Nxg6 36. R7e6 Nxf4 37. Rxf6 Nxd3 38. Rxf8+ 1-0

[Event "Canada Int. op"]
[Site "Contrecoeur CAN"]
[Date "2022.10.09"]
[Round "5.9"]
[White "Batorshyn, Ilia"]
[Black "Gingras, Philippe"]
[Result "1-0"]
[WhiteElo "1909"]
[BlackElo "1927"]
[PlyCount "195"]
[EventDate "2022.10.07"]
[EventType "swiss"]
[EventRounds "5"]
[EventCountry "CAN"]

1. d4 Nf6 2. c4 e6 3. Nf3 Bb4+ 4. Bd2 Bxd2+ 5. Nbxd2 d5 6. g3 O-O 7. Bg2 c5 8.
cxd5 exd5 9. dxc5 Qa5 10. O-O Qxc5 11. Nb3 Qb6 12. Rc1 Bf5 13. Qd4 Qd6 14. Qc5
Qd7 15. Rfd1 Rd8 16. Qc7 Nc6 17. Qxd7 Rxd7 18. Nfd4 Nxd4 19. Rxd4 b6 20. Rd2
Kf8 21. Rcd1 Rad8 22. Nd4 Be6 23. Rc2 g6 24. Rdc1 Re8 25. e3 h5 26. Bf1 Rde7
27. h4 Ne4 28. Bb5 Bd7 29. Rc7 Bxb5 30. Nxb5 a6 31. Nd4 Rxc7 32. Rxc7 Re7 33.
Rc8+ Re8 34. Rc6 Rb8 35. Kg2 Kg7 36. Rc7 Nc5 37. b4 Nd3 38. a3 Nb2 39. Ra7 a5
40. bxa5 bxa5 41. Rxa5 Nc4 42. Rxd5 Nxa3 43. Rd7 Nc4 44. Rc7 Ne5 45. Rc5 Ng4
46. Rc2 Re8 47. Rb2 Re7 48. Ne2 Re5 49. Nf4 Re7 50. Rb5 Rd7 51. Rb2 Re7 52. Kf1
Ne5 53. Ke2 Ng4 54. Nd5 Re5 55. Rd2 Nf6 56. Nf4 Ng4 57. Ng2 Re7 58. f3 Ne5 59.
Rd5 f6 60. Rd2 Nc4 61. Rc2 Ne5 62. Nf4 Rd7 63. e4 Kf7 64. Nd5 f5 65. Ke3 fxe4
66. Kxe4 Ke6 67. Nf4+ Kf6 68. Nd5+ Ke6 69. Rd2 Rxd5 70. Rxd5 Nxf3 71. Ra5 Nh2
72. Ra6+ Kf7 73. Kf4 Kg7 74. Ra2 Ng4 75. Kg5 Ne5 76. Ra7+ Nf7+ 77. Kf4 Kf6 78.
Ra6+ Kg7 79. Rb6 Nh6 80. Rb8 Kf6 81. Rc8 Nf7 82. Rc6+ Kg7 83. Rb6 Nh6 84. Ke5
Ng4+ 85. Ke6 Kh6 86. Kf7 Ne5+ 87. Kg8 Nd7 88. Rd6 Ne5 89. Re6 Ng4 90. Re7 Nf6+
91. Kf7 Ng4 92. Re8 Kh7 93. Re6 Nh6+ 94. Kf6 Nf5 95. Kg5 Nxg3 96. Re7+ Kg8 97.
Kxg6 Kf8 98. Re3 1-0

[Event "Canada Int. op"]
[Site "Contrecoeur CAN"]
[Date "2022.10.09"]
[Round "5.10"]
[White "Chabot, Roland"]
[Black "Latorre, Vincent"]
[Result "1/2-1/2"]
[WhiteElo "2111"]
[BlackElo "1949"]
[PlyCount "60"]
[EventDate "2022.10.07"]
[EventType "swiss"]
[EventRounds "5"]
[EventCountry "CAN"]

1. d4 Nf6 2. Bg5 c5 3. d5 Ne4 4. h4 Qb6 5. Nd2 Nxd2 6. Bxd2 Qxb2 7. Nf3 e6 8.
e4 Qb6 9. Rb1 Qc7 10. c4 e5 11. h5 d6 12. Bd3 Be7 13. Nh2 h6 14. Nf1 Nd7 15.
Ne3 Nf6 16. Qf3 Rb8 17. a4 Bd7 18. Bc2 O-O 19. g3 b6 20. O-O a6 21. Qe2 Rb7 22.
Rb2 Rfb8 23. Rfb1 Qc8 24. Nf5 Bxf5 25. exf5 b5 26. axb5 axb5 27. cxb5 Bd8 28.
Be4 Qd7 29. Kg2 Bb6 30. g4 Nxe4 1/2-1/2

[Event "Canada Int. op"]
[Site "Contrecoeur CAN"]
[Date "2022.10.09"]
[Round "5.11"]
[White "Zhe, Jia"]
[Black "Wang, Derek"]
[Result "1/2-1/2"]
[WhiteElo "1779"]
[BlackElo "1697"]
[PlyCount "72"]
[EventDate "2022.10.07"]
[EventType "swiss"]
[EventRounds "5"]
[EventCountry "CAN"]

1. d4 d5 2. c4 c6 3. e3 Nf6 4. Nc3 e6 5. Nf3 Be7 6. Qc2 Nbd7 7. b3 O-O 8. Bd3
b6 9. O-O Bb7 10. Re1 c5 11. Bb2 Rc8 12. Qe2 Ne4 13. Nd2 Nxc3 14. Bxc3 Nf6 15.
Rad1 Bd6 16. Bb1 Qe7 17. e4 dxe4 18. Nxe4 Nxe4 19. Bxe4 Qh4 20. g3 Qxe4 21.
Qxe4 Bxe4 22. Rxe4 cxd4 23. Bxd4 Rfd8 24. Be3 Kf8 25. Kf1 Ba3 26. Red4 Ke7 27.
Ke2 f6 28. f4 Rxd4 29. Rxd4 Rd8 30. Rxd8 Kxd8 31. Kd3 Kd7 32. Bd4 Kc6 33. Kc3
Bd6 34. Kd3 a6 35. Ke4 a5 36. Kd3 Ba3 1/2-1/2

[Event "Canada Int. op U1200"]
[Site "Contrecoeur CAN"]
[Date "2022.10.07"]
[Round "1.70"]
[White "Thibault, Genevieve"]
[Black "Lopez, Alejandro"]
[Result "0-1"]
[WhiteElo "932"]
[BlackElo "1196"]
[PlyCount "48"]
[EventDate "2022.10.07"]
[EventType "swiss"]
[EventRounds "5"]
[EventCountry "CAN"]

1. e4 c5 2. Nc3 Nc6 3. Nf3 Nf6 4. e5 Ng4 5. Ne4 b6 6. h3 Ngxe5 7. Nxe5 Nxe5 8.
c3 Bb7 9. d3 d5 10. Bf4 Ng6 11. g3 Nxf4 12. gxf4 dxe4 13. Bg2 Rb8 14. dxe4
Qxd1+ 15. Rxd1 Rd8 16. O-O Rxd1 17. Rxd1 e6 18. e5 Bxg2 19. Kxg2 Be7 20. a3 f6
21. b4 fxe5 22. fxe5 a6 23. f4 Rf8 24. Kf2 g5 0-1

[Event "Canada Int. op U1200"]
[Site "Contrecoeur CAN"]
[Date "2022.10.07"]
[Round "1.71"]
[White "Savard, Alain"]
[Black "Murray-Truchon, Frederic"]
[Result "0-1"]
[WhiteElo "1195"]
[BlackElo "831"]
[PlyCount "110"]
[EventDate "2022.10.07"]
[EventType "swiss"]
[EventRounds "5"]
[EventCountry "CAN"]

1. d4 e6 2. Bf4 d5 3. e3 c5 4. c3 Nc6 5. Nf3 Nf6 6. Nbd2 Be7 7. h3 c4 8. Ne5
Qb6 9. Qc2 Nxe5 10. dxe5 Nh5 11. Bh2 g6 12. Be2 Ng7 13. g4 Bh4 14. Bg3 Bxg3 15.
fxg3 Qxe3 16. Nf1 Qxe5 17. O-O-O O-O 18. Re1 Qc7 19. h4 f5 20. g5 Nh5 21. Bxh5
gxh5 22. Qe2 Qc6 23. Qxh5 Qe8 24. Qe2 a5 25. h5 a4 26. a3 b5 27. h6 b4 28. Qe5
Qg6 29. cxb4 Qxg5+ 30. Kb1 Bd7 31. Qc7 Qd8 32. Qe5 Qf6 33. Qc7 Rfd8 34. Rc1
Rac8 35. Qa5 Qd4 36. b5 Qe4+ 37. Ka2 Qxh1 38. Qxa4 Qxh6 39. Rc3 Rb8 40. Qb4
Rxb5 41. Qe7 Qf8 42. Qg5+ Kh8 43. Ne3 Rdb8 44. Nd1 e5 45. Rf3 e4 46. Rf2 d4 47.
Qf4 Re8 48. Qc7 Qf7 49. g4 e3 50. Re2 d3 51. Rxe3 Rxe3 52. Nxe3 c3+ 53. Kb1
Rxb2+ 54. Kc1 d2+ 55. Kd1 Ba4+ 0-1

[Event "Canada Int. op U1200"]
[Site "Contrecoeur CAN"]
[Date "2022.10.08"]
[Round "2.78"]
[White "Chelkowski, Szczepan"]
[Black "Arcand, Pierre"]
[Result "0-1"]
[WhiteElo "1051"]
[BlackElo "1125"]
[PlyCount "128"]
[EventDate "2022.10.07"]
[EventType "swiss"]
[EventRounds "5"]
[EventCountry "CAN"]

1. e4 e5 2. Nf3 Nc6 3. Bb5 d6 4. h3 Nf6 5. O-O Bd7 6. Re1 Be7 7. c3 O-O 8. d4
a6 9. Ba4 Nb8 10. Bxd7 Nbxd7 11. d5 Nc5 12. Nbd2 Nd3 13. Re2 Nh5 14. Nc4 Nhf4
15. Bxf4 Nxf4 16. Rc2 Bg5 17. Ne3 Ng6 18. Nxg5 Qxg5 19. Qg4 Qxg4 20. Nxg4 f5
21. exf5 Rxf5 22. Ne3 Rf7 23. b4 Nf4 24. Rd1 Raf8 25. Rdd2 Rf6 26. c4 Rg6 27.
c5 Nxh3+ 28. Kf1 Nf4 29. cxd6 cxd6 30. g3 Nh3 31. Ke1 Ng1 32. Kd1 Nf3 33. Rd3
Nd4 34. Rb2 Rc8 35. Nc2 Nb5 36. Rbb3 Rf6 37. Rf3 Rxc2 38. Rxf6 gxf6 39. Kxc2
Nd4+ 40. Kc3 Nxb3 41. Kxb3 Kf8 42. a4 Ke8 43. a5 Kd7 44. Kc4 Kc7 45. b5 axb5+
46. Kxb5 f5 47. Kc4 f4 48. Kd3 fxg3 49. fxg3 h5 50. Ke3 Kd7 51. Kf3 Ke7 52. Kg2
Kf6 53. Kh3 Kg5 54. Kg2 Kg4 55. Kf2 e4 56. Ke3 Kxg3 57. Kxe4 h4 58. Kf5 h3 59.
Ke6 h2 60. Kxd6 h1=Q 61. Ke5 Qa1+ 62. Ke6 Qxa5 63. d6 Qd8 64. d7 b5 0-1

[Event "Canada Int. op U1200"]
[Site "Contrecoeur CAN"]
[Date "2022.10.08"]
[Round "3.85"]
[White "Savard, Alain"]
[Black "Pepin, Pierre-Luc"]
[Result "1/2-1/2"]
[WhiteElo "1195"]
[BlackElo "1040"]
[PlyCount "117"]
[EventDate "2022.10.07"]
[EventType "swiss"]
[EventRounds "5"]
[EventCountry "CAN"]

1. d4 d5 2. Bf4 Bf5 3. e3 Nc6 4. c3 a6 5. Nf3 h6 6. Nbd2 Nf6 7. h3 e6 8. Be2
Be7 9. Qb3 Rb8 10. O-O O-O 11. Rfe1 Qd7 12. Rad1 Kh8 13. Ne5 Nxe5 14. dxe5 Ne8
15. e4 dxe4 16. Nxe4 Qc6 17. Bd3 Rd8 18. Qc2 g5 19. Bg3 f6 20. Qe2 fxe5 21.
Bxe5+ Nf6 22. Nxf6 Bxf6 23. Bxf6+ Rxf6 24. Bxf5 Rxd1 25. Rxd1 exf5 26. Rd8+ Kg7
27. Qe7+ Rf7 28. Qe5+ Qf6 29. Qd5 c6 30. Qd1 f4 31. Rd7 Rxd7 32. Qxd7+ Qf7 33.
Qd4+ Qf6 34. Qb6 Qf7 35. a4 Kf6 36. Qd8+ Kf5 37. Qd3+ Ke6 38. Qe4+ Kf6 39. Qd4+
Kg6 40. Qe4+ Qf5 41. Qe8+ Kg7 42. Qe7+ Qf7 43. Qe5+ Kf8 44. Qb8+ Kg7 45. Qe5+
Kg6 46. Qe4+ Kf6 47. Qd4+ Kg6 48. c4 Qe6 49. Qd3+ Kf6 50. Kf1 Qe7 51. Qd4+ Qe5
52. Qd8+ Qe7 53. Qh8+ Kg6 54. Qg8+ Kf5 55. Qc8+ Kf6 56. Qh8+ Kg6 57. Qg8+ Kf5
58. Qc8+ Kf6 59. Qh8+ 1/2-1/2

[Event "Canada Int. op U1200"]
[Site "Contrecoeur CAN"]
[Date "2022.10.09"]
[Round "4.74"]
[White "Maheu-Gill, Kevin"]
[Black "Murray-Truchon, Frederic"]
[Result "0-1"]
[WhiteElo "1189"]
[BlackElo "831"]
[PlyCount "130"]
[EventDate "2022.10.07"]
[EventType "swiss"]
[EventRounds "5"]
[EventCountry "CAN"]

1. e4 e6 2. Nc3 c5 3. Bc4 Nc6 4. Nf3 Bd6 5. O-O Nge7 6. Re1 O-O 7. d4 a6 8. e5
Bb8 9. Bg5 Qb6 10. Na4 Qb4 11. b3 Qa5 12. Bd2 Qc7 13. Nxc5 Nxd4 14. Nxa6 Nxf3+
15. Qxf3 Rxa6 16. Bxa6 bxa6 17. c4 Ng6 18. Bc3 Bb7 19. Qg3 Qc6 20. f3 Ne7 21.
Bd2 Nf5 22. Qg4 Qc5+ 23. Kh1 Bxe5 24. Bb4 Qxb4 25. Rxe5 Qc3 26. Ree1 d6 27. Re2
Rc8 28. Rd1 Ne3 29. Qd4 Nxd1 30. Qxd1 d5 31. h3 dxc4 32. Qd7 Qc1+ 33. Kh2 Qf4+
34. Kh1 Qc7 35. Qxc7 Rxc7 36. Rc2 c3 37. Kg1 Kf8 38. Kf2 e5 39. Ke3 f5 40. Kd3
Ke7 41. Rxc3 Rxc3+ 42. Kxc3 a5 43. Kc4 Kd6 44. Kd3 e4+ 45. fxe4 fxe4+ 46. Ke3
Kc5 47. a3 g5 48. g3 h5 49. Ke2 Kd4 50. Kd2 Bc8 51. h4 gxh4 52. gxh4 Bg4 53. b4
axb4 54. axb4 Kc4 55. Ke3 Bf3 56. b5 Kxb5 57. Kd4 Kc6 58. Ke3 Kd5 59. Kf2 Kd4
60. Kg1 Ke3 61. Kh2 Kf2 62. Kh3 e3 63. Kh2 e2 64. Kh3 e1=Q 65. Kh2 Qh1# 0-1

[Event "Canada Int. op U1200"]
[Site "Contrecoeur CAN"]
[Date "2022.10.09"]
[Round "4.79"]
[White "Pietka, Krystyn"]
[Black "Arcand, Pierre"]
[Result "1-0"]
[WhiteElo "1167"]
[BlackElo "1125"]
[PlyCount "83"]
[EventDate "2022.10.07"]
[EventType "swiss"]
[EventRounds "5"]
[EventCountry "CAN"]

1. c4 e5 2. Nc3 Nf6 3. g3 Be7 4. Bg2 Nc6 5. e4 d6 6. d3 O-O 7. Nf3 Bg4 8. h3
Bxf3 9. Bxf3 Nd4 10. Be3 Nxf3+ 11. Qxf3 c6 12. g4 Nd7 13. Ke2 Bg5 14. Qg3 Bh4
15. Qh2 Bg5 16. h4 Bxe3 17. Kxe3 Qb6+ 18. Kf3 Qxb2 19. Ne2 Qb6 20. Rag1 Qd8 21.
Ng3 Qf6+ 22. Ke2 Qf4 23. f3 Qf6 24. g5 Qe6 25. Nf5 g6 26. Nh6+ Kg7 27. f4 exf4
28. Qxf4 Qe5 29. Qd2 f6 30. gxf6+ Nxf6 31. Rg5 Qe8 32. Nf5+ Kh8 33. Nxd6 Qe7
34. e5 Nh5 35. Qb2 Rab8 36. e6+ Nf6 37. Qe5 Kg8 38. Nf5 Qa3 39. Qc7 Qxa2+ 40.
Kf3 Nh5 41. Rhg1 Ng7 42. Qxg7# 1-0

[Event "Canada Int. op U1200"]
[Site "Contrecoeur CAN"]
[Date "2022.10.09"]
[Round "4.80"]
[White "Varayos Meas, Maxime"]
[Black "Chelkowski, Jan"]
[Result "0-1"]
[WhiteElo "1122"]
[BlackElo "1052"]
[PlyCount "86"]
[EventDate "2022.10.07"]
[EventType "swiss"]
[EventRounds "5"]
[EventCountry "CAN"]

1. d4 b6 2. e4 Bb7 3. Nc3 e6 4. Qe2 Nc6 5. d5 Nb8 6. h4 Be7 7. Nf3 Bb4 8. Bd2
c6 9. d6 Bxd6 10. O-O-O a5 11. Bg5 Be7 12. Ne5 Bxg5+ 13. hxg5 Qxg5+ 14. Kb1
Qxe5 15. Qg4 a4 16. f4 Qf6 17. Bd3 Qg6 18. Qf3 c5 19. Rh4 a3 20. Rg1 axb2 21.
Qh3 h6 22. e5 f5 23. g4 Qf7 24. g5 Nc6 25. Nb5 Ke7 26. Nd6 Qf8 27. Nxb7 Nb4 28.
Kxb2 Rxa2+ 29. Kb3 Qa8 30. Kc3 Nd5+ 31. Kd2 Qa3 32. Bc4 Qb4+ 33. Kd3 Ra3+ 34.
Bb3 c4+ 35. Ke2 cxb3 36. Rb1 Qe4+ 37. Kf2 Qxc2+ 38. Kg1 Qxb1+ 39. Qf1 Qxf1+ 40.
Kxf1 b2 41. gxh6 b1=Q+ 42. Ke2 Ra2+ 43. Kf3 Qb3# 0-1

[Event "Canada Int. op U1200"]
[Site "Contrecoeur CAN"]
[Date "2022.10.09"]
[Round "4.86"]
[White "Chelkowski, Szczepan"]
[Black "Savard, Alain"]
[Result "0-1"]
[WhiteElo "1051"]
[BlackElo "1195"]
[PlyCount "86"]
[EventDate "2022.10.07"]
[EventType "swiss"]
[EventRounds "5"]
[EventCountry "CAN"]

1. e4 e6 2. d4 d5 3. e5 c5 4. c3 Qb6 5. b3 Nc6 6. Nf3 Nge7 7. Be2 Nf5 8. Be3
Nxe3 9. fxe3 Be7 10. O-O Bd7 11. a4 a5 12. Na3 Na7 13. c4 Bc6 14. Rb1 cxd4 15.
exd4 Bxa3 16. Ng5 O-O 17. Qd3 g6 18. Rfd1 Be7 19. Qg3 Bxg5 20. Qxg5 Qd8 21. Qh6
Nc8 22. Rd3 f5 23. Rh3 Qe7 24. Rg3 Qg7 25. Qf4 Ne7 26. h4 h5 27. Rg5 Ra6 28.
Bxh5 Rb6 29. Bd1 Bxa4 30. h5 Be8 31. Qh4 Qh6 32. g4 dxc4 33. Be2 cxb3 34. Bc4
b2 35. Bxe6+ Rxe6 36. Rxb2 b5 37. Rxb5 Bxb5 38. gxf5 Nxf5 39. Qg4 Kh7 40. hxg6+
Rxg6 41. Rh5 Rxg4+ 42. Kf2 Qxh5 43. d5 Nd4+ 0-1

[Event "Canada Int. op U1200"]
[Site "Contrecoeur CAN"]
[Date "2022.10.09"]
[Round "5.75"]
[White "Chelkowski, Jan"]
[Black "Pietka, Krystyn"]
[Result "0-1"]
[WhiteElo "1052"]
[BlackElo "1167"]
[PlyCount "54"]
[EventDate "2022.10.07"]
[EventType "swiss"]
[EventRounds "5"]
[EventCountry "CAN"]

1. e4 c6 2. Bc4 d5 3. exd5 cxd5 4. Bd3 e5 5. b3 e4 6. Bb5+ Nc6 7. Bb2 Bd7 8. a3
a6 9. Bxc6 Bxc6 10. Qg4 Nf6 11. Qg3 Bd6 12. Be5 Nh5 13. Qc3 f6 14. Bd4 O-O 15.
Qh3 Nf4 16. Qg4 Bd7 17. Qd1 Nxg2+ 18. Kf1 Nf4 19. h4 h5 20. Be3 g6 21. Ne2 Nxe2
22. Qxe2 Bg4 23. Qe1 Bf3 24. Rg1 Kh7 25. Qc1 Qd7 26. Nc3 Bh2 27. Rg3 Bxg3 0-1

[Event "Canada Int. op U1200"]
[Site "Contrecoeur CAN"]
[Date "2022.10.09"]
[Round "5.78"]
[White "D'Amours, Xavier"]
[Black "Landry, Denis"]
[Result "1-0"]
[WhiteElo "1132"]
[BlackElo "1020"]
[PlyCount "117"]
[EventDate "2022.10.07"]
[EventType "swiss"]
[EventRounds "5"]
[EventCountry "CAN"]

1. e4 e6 2. d4 Be7 3. Nf3 Nf6 4. e5 Nd5 5. c4 Nb6 6. Be2 d5 7. cxd5 Nxd5 8. O-O
b6 9. Nc3 c6 10. Re1 Nd7 11. a3 Nf8 12. Qc2 Ng6 13. Ne4 O-O 14. Qxc6 Bd7 15.
Qc2 Rc8 16. Qd1 Bc6 17. Bg5 h6 18. Bxe7 Ndxe7 19. Ng3 Bd5 20. Qa4 a5 21. Rac1
Bc6 22. Qb3 Nf4 23. Rcd1 Nxe2+ 24. Nxe2 Bd5 25. Qe3 Nf5 26. Qf4 f6 27. g4 Ne7
28. Nd2 fxe5 29. Qxe5 Ng6 30. Qe3 Qf6 31. Ng3 Nh4 32. Rf1 Ng2 33. Nde4 Nxe3 34.
Nxf6+ Rxf6 35. fxe3 Rxf1+ 36. Rxf1 Rc2 37. Rf2 Rc7 38. e4 Bb3 39. Kg2 Rd7 40.
Rd2 Kf7 41. e5 Bd5+ 42. Kf2 Kg6 43. Ke3 a4 44. Ne2 Rc7 45. Nf4+ Kf7 46. Nxd5
exd5 47. Kd3 Ke6 48. Rc2 Rxc2 49. Kxc2 b5 50. Kc3 Kd7 51. Kb4 Kc6 52. e6 g6 53.
e7 Kd7 54. Kxb5 Kxe7 55. Kxa4 Kd7 56. Kb5 h5 57. h3 hxg4 58. hxg4 g5 59. Kc5
1-0

[Event "Canada Int. op U1200"]
[Site "Contrecoeur CAN"]
[Date "2022.10.09"]
[Round "5.79"]
[White "Languerand, Rene"]
[Black "Loevenich, Anna"]
[Result "1-0"]
[WhiteElo "1104"]
[BlackElo "977"]
[PlyCount "55"]
[EventDate "2022.10.07"]
[EventType "swiss"]
[EventRounds "5"]
[EventCountry "CAN"]

1. e4 g6 2. Nf3 Bg7 3. d4 Nc6 4. c3 d6 5. Bb5 Bd7 6. Bd2 Nf6 7. Qe2 O-O 8. d5
a6 9. dxc6 axb5 10. cxd7 Qxd7 11. O-O c5 12. Rd1 e5 13. Bg5 Qc6 14. Nbd2 Nd7
15. c4 b4 16. Nb3 f5 17. Rd5 Nb6 18. Be7 Bf6 19. Bxf8 Kxf8 20. Rd2 Be7 21. h4
h6 22. exf5 gxf5 23. g3 e4 24. Nh2 Qd7 25. Qh5 Nxc4 26. Qxh6+ Ke8 27. Qg6+ Kf8
28. Nxc5 1-0

[Event "Canada Int. op U1200"]
[Site "Contrecoeur CAN"]
[Date "2022.10.09"]
[Round "5.82"]
[White "Arcand, Pierre"]
[Black "Moisan, Pascal"]
[Result "1-0"]
[WhiteElo "1125"]
[BlackElo "968"]
[PlyCount "85"]
[EventDate "2022.10.07"]
[EventType "swiss"]
[EventRounds "5"]
[EventCountry "CAN"]

1. e4 d5 2. exd5 Nf6 3. Bb5+ Bd7 4. Bc4 b5 5. Bb3 e5 6. dxe6 Bxe6 7. Nf3 Nc6 8.
O-O Bd6 9. Re1 Be5 10. Nxe5 Nxe5 11. Rxe5 O-O 12. Bxe6 fxe6 13. Rxe6 Qd5 14.
Qe2 Nh5 15. Re5 Qf7 16. d3 Nf4 17. Bxf4 Qxf4 18. Nc3 a6 19. Nd5 Qd4 20. c3 Qh4
21. Nxc7 Rac8 22. Nxa6 Rf6 23. Re8+ Rxe8 24. Qxe8+ Rf8 25. Qe2 Qf6 26. Nb4 h6
27. h3 Qf7 28. Re1 Qa7 29. d4 Qf7 30. Qe6 Qxe6 31. Rxe6 Kh7 32. Nd3 h5 33. Kf1
g6 34. Rb6 Ra8 35. a3 Ra5 36. Ne5 b4 37. Rxb4 Kh6 38. Nc4 Rf5 39. Ne3 Rf8 40.
d5 h4 41. d6 Rd8 42. Rd4 g5 43. d7 1-0

[Event "Canada Int. op U1500"]
[Site "Contrecoeur CAN"]
[Date "2022.10.07"]
[Round "1.49"]
[White "Auersperg, Leo"]
[Black "De Guise, Ronald"]
[Result "1-0"]
[WhiteElo "1481"]
[BlackElo "1294"]
[PlyCount "95"]
[EventDate "2022.10.07"]
[EventType "swiss"]
[EventRounds "5"]
[EventCountry "CAN"]

1. e4 e5 2. Nf3 Nc6 3. Bc4 h6 4. d4 exd4 5. Nxd4 Ne5 6. Bb3 Nf6 7. Nc3 d6 8. f3
a6 9. Be3 Bd7 10. Qd2 c5 11. Nde2 b5 12. Bd5 Rb8 13. Nf4 b4 14. Nce2 Be7 15. b3
a5 16. c4 Nxd5 17. Nxd5 Bh4+ 18. Bf2 Bxf2+ 19. Kxf2 O-O 20. Nef4 f5 21. exf5
Bxf5 22. g3 Rb7 23. Kg2 Rbf7 24. Rhf1 Re8 25. Rae1 Qd7 26. Nb6 Qc6 27. Nfd5 Rb8
28. Na4 Rbf8 29. f4 Ng4 30. Kg1 Re8 31. Rxe8+ Qxe8 32. Re1 Qd7 33. Qe2 Nf6 34.
Ne7+ Rxe7 35. Qxe7 Qxe7 36. Rxe7 Ne4 37. g4 Bh7 38. Re6 Kf7 39. f5 Nc3 40. Rxd6
Ke7 41. Re6+ Kd7 42. Nxc5+ Kc7 43. Re7+ Kd6 44. Rxg7 Bxf5 45. gxf5 Kxc5 46. Rd7
Ne4 47. Rd5+ Kb6 48. f6 1-0

[Event "Canada Int. op U1500"]
[Site "Contrecoeur CAN"]
[Date "2022.10.07"]
[Round "1.50"]
[White "Luksza, Patrik"]
[Black "Laporte, Michel"]
[Result "1-0"]
[WhiteElo "1292"]
[BlackElo "1466"]
[PlyCount "71"]
[EventDate "2022.10.07"]
[EventType "swiss"]
[EventRounds "5"]
[EventCountry "CAN"]

1. e4 d6 2. d4 g6 3. Nf3 Bg7 4. Bc4 Nf6 5. Nc3 O-O 6. Bg5 Nxe4 7. Nxe4 d5 8.
Bd3 dxe4 9. Bxe4 Nd7 10. c3 Nf6 11. Bxf6 exf6 12. O-O Re8 13. Bc2 c6 14. Bb3
Bg4 15. Qd3 Bxf3 16. Qxf3 Qe7 17. Qd1 Qe2 18. Qxe2 Rxe2 19. Rfe1 Rae8 20. Kf1
Rxe1+ 21. Rxe1 Rxe1+ 22. Kxe1 Bh6 23. Bc4 b5 24. Be2 Kf8 25. Bf3 Ke7 26. Bxc6
a6 27. b4 f5 28. Bb7 Kd6 29. Ke2 Bg7 30. Bxa6 Kc6 31. Kd3 h5 32. c4 bxc4+ 33.
Bxc4 g5 34. a4 h4 35. h3 g4 36. f3 1-0

[Event "Canada Int. op U1500"]
[Site "Contrecoeur CAN"]
[Date "2022.10.07"]
[Round "1.51"]
[White "St-Germain, Jack"]
[Black "Sison, Hubert"]
[Result "1-0"]
[WhiteElo "1461"]
[BlackElo "1273"]
[PlyCount "101"]
[EventDate "2022.10.07"]
[EventType "swiss"]
[EventRounds "5"]
[EventCountry "CAN"]

1. e4 c6 2. d4 d5 3. exd5 cxd5 4. Bd3 Nc6 5. c3 Nf6 6. Nf3 Bg4 7. Qb3 Bxf3 8.
Qxb7 Bxg2 9. Qxc6+ Nd7 10. Rg1 Rc8 11. Qb7 Rc7 12. Qb5 Be4 13. Bxe4 dxe4 14.
Bf4 Rc8 15. Nd2 Qb6 16. Qxb6 Nxb6 17. Nxe4 Nc4 18. O-O-O f6 19. b3 Nb6 20. c4
Nd5 21. Bg3 f5 22. Nc5 Nc3 23. Rd2 g6 24. Kb2 Ne4 25. Nxe4 fxe4 26. Re1 Bh6 27.
Rdd1 O-O 28. Rxe4 Rf7 29. Rde1 Kf8 30. Re6 Rd8 31. d5 Bg7+ 32. Kc2 g5 33. d6
Bf6 34. c5 Rc8 35. b4 exd6 36. Bxd6+ Kg7 37. Bg3 a5 38. a3 Bd4 39. R1e2 Rf3 40.
Re7+ Kf6 41. R2e6+ Kf5 42. Rf7+ Kxe6 43. Rxf3 axb4 44. axb4 Ra8 45. Kb3 h5 46.
Kc4 Bf6 47. Re3+ Kf5 48. c6 Ra1 49. c7 Rc1+ 50. Kb5 g4 51. Re8 1-0